The Playfair Collection and the teaching of chemistry at the University of Edinburgh, 1713-1858 /
المؤلف الرئيسي:
التنسيق: كتاب الكتروني
اللغة: English
منشور في:
Leiden ; Boston :
Brill,
1978.
سلاسل:
European History and Culture - Book Archive pre-2000
الموضوعات:
الوصول للمادة أونلاين: Login to view Source
الوسوم: إضافة وسم
رقم الطلب: QD49.S353
| LEADER | 02810nam a22003858i 4500 | ||
|---|---|---|---|
| 001 | BRILL9789004626744 | ||
| 003 | nllekb | ||
| 005 | 20241030072311.0 | ||
| 006 | m d | ||
| 007 | cr un uuuua | ||
| 008 | 240918s1978 gw sb 001 0 eng d | ||
| 020 | |a 9789004626744 |q (electronic book) | ||
| 020 | |z 9780900733161 |q (print) | ||
| 024 | 7 | |a 10.1163/9789004626744 |2 DOI | |
| 035 | |a (OCoLC)654643706 | ||
| 040 | |a NL-LeKB |c NL-LeKB |e rda | ||
| 041 | |a eng | ||
| 050 | 4 | |a QD49.S353 | |
| 072 | 7 | |a HB |2 bicssc | |
| 072 | 7 | |a HIS |x 000000 |2 bisacsh | |
| 082 | 0 | 4 | |a 542/.074/094134 |2 23 |
| 100 | 1 | |a Anderson, R.G.W., |e author. | |
| 245 | 1 | 4 | |a The Playfair Collection and the teaching of chemistry at the University of Edinburgh, 1713-1858 / |c R.G.W. Anderson. |
| 264 | 1 | |a Leiden ; |a Boston : |b Brill, |c 1978. | |
| 300 | |a 1 online resource (175 pages) : |b illustrations. | ||
| 490 | 1 | |a European History and Culture - Book Archive pre-2000 | |
| 505 | 0 | |t Front Matter -- Preliminary Material / |r R G W Anderson -- List of Illustrations / |r R G W Anderson -- Foreword / |r Tebble Norman -- Preface / |r R G W Anderson -- Chapter 1 Early Chemistry Teaching in Edinburgh: James Crawford, Andrew Plummer and William Cullen / |r R G W Anderson -- Chapter 2 Joseph Black / |r R G W Anderson -- Chapter 3 Thomas Charles Hope / |r R G W Anderson -- Chapter 4 William Gregory / |r R G W Anderson -- Chapter 5 Playfair Collection: Acquisition and Provenance / |r R G W Anderson -- Contents of the Catalogue Section / |r R G W Anderson -- Instruments and Apparatus in The Playfair Collection / |r R G W Anderson -- Back Matter -- Appendix 1 The Following Items which Appear in the Museum Register Entry of 30 September 1858 Cannot now be Located, or have been Destroyed. / |r R G W Anderson -- Appendix 2 Original Entry in the Manuscript Museum Register by George Wilson, Director of the Industrial Museum of Scotland. The Numbers in Italics Following Each Entry Refer to the Numbering in this Catalogue. / |r R G W Anderson -- Appendix 3 Apparatus and Instruments which may have Associations with the Edinburgh Professors of Chemistry in Collections other than the Playfair Collection. / |r R G W Anderson -- Select Bibliography / |r R G W Anderson -- Index of Personal Names / |r R G W Anderson. | |
| 546 | |a English | ||
| 650 | 0 | |a Chemistry |x Study and teaching (Higher) |z Scotland. | |
| 650 | 0 | |a Scientific apparatus and instruments |x Collectors and collecting. | |
| 776 | 0 | 8 | |i Print version: |t The Playfair Collection and the teaching of chemistry at the University of Edinburgh, 1713-1858. |d Leiden ; Boston : Brill, 1978. |z 9780900733161 |w (OCoLC)4966156 |w (DLC) 80469196 |
| 830 | 0 | |a European History and Culture - Book Archive pre-2000 | |
| 856 | 4 | |z DOI: |u http://dx.doi.org/10.1163/9789004626744 | |
| 942 | |2 lcc |c EBOOK | ||
| 999 | |c 59453 |d 59453 | ||
